00435nam a22001697a 450000500170000001000150001702000230003203500140005503700090006908200150007810000190009324500490011226000380016127000400019930000230023970000030026220250523122310.0 aENG-145005 a8187770414c525.00 aEN-128537 bDBAD a371.40322 aDwivedi,Manish aINTRODUCTION TO COUNSELLING/bManish Dwivedi aAllahabadbAnamika Prakashnc2010 a52, Tularam BaghbAllahabade211006 a118 p.c24 cm.(Pb)